000 00454ntaaa2200181 4500
003 01
005 20251027201632.0
008 0714s1973 ag 01
040 _aAR-BaBN
_bspa
_cAR-BaBN
_eaacr
_dRIC
082 _a232.0000 B96
100 _aBushnell, Horacio
_915102
245 _aQuién es el Cristo?
250 _a1 ed.
260 _aNew York :
_bSociedad Americana de Tratados,
_cn.f.
300 _a96 p
650 _acristología
_91723
942 _cBK
999 _c11066
_d11066